Statistics for 2021 nfl draft 1st round

Click here to take the quiz!

General Stats

  • This quiz has been taken 12 times
  • The average score is 19 of 32

Answer Stats

TeamRoundPickAnswer% Correct
Bengals15Ja'Marr Chase
100%
Patriots115Mac Jones
100%
Jaguars11Trevor Lawrence
100%
49ers13Trey Lance
100%
Jets12Zach Wilson
100%
Eagles110DeVonta Smith
92%
Dolphins16Jaylen Waddle
92%
Bears111Justin Fields
92%
Chargers113Rashawn Slater
92%
Falcons14Kyle Pitts
83%
Cowboys112Micah Parsons
83%
Broncos19Patrick Surtain II
75%
Lions17Penei Sewell
75%
Panthers18Jaycee Horn
67%
Giants120Kadarius Toney
58%
Steelers124Najee Harris
58%
Raiders117Alex Leatherwood
50%
Jaguars125Travis Etienne
50%
Jets114Alijah Vera-Tucker
42%
Cardinals116Zaven Collins
42%
Titans122Caleb Farley
33%
Browns126Greg Newsome II
33%
Dolphins118Jaelan Phillips
33%
Colts121Kwity Paye
33%
Ravens131Odafe Oweh
33%
Vikings123Christian Darrisaw
25%
Packers129Eric Stokes
25%
Bills130Gregory Rousseau
25%
Commanders119Jamin Davis
25%
Buccaneers132Joe Tyron-Shoyinka
25%
Saints128Payton Turner
25%
Ravens127Rashod Bateman
25%

Score Distribution

Percentile by Number Answered

Percent of People with Each Score

Your Score History

You have not taken this quiz